|
|
|
|
| LEADER |
00000nam0a2200000 4500 |
| 001 |
285361 |
| 005 |
20231101235803.0 |
| 020 |
|
|
|a RU
|b 84-51203
|
| 035 |
|
|
|a (RuTPU)RU\TPU\book\309598
|
| 090 |
|
|
|a 285361
|
| 100 |
|
|
|a 20150225d1984 m y0rusy5003 ca
|
| 101 |
0 |
|
|a rus
|
| 102 |
|
|
|a RU
|
| 105 |
|
|
|a a z 001zy
|
| 200 |
1 |
|
|a Коды золотой пропорции
|f А. П. Стахов
|
| 210 |
|
|
|a Москва
|c Радио и связь
|d 1984
|
| 215 |
|
|
|a 151 с.
|c схем.
|
| 225 |
1 |
|
|a Кибернетика
|
| 320 |
|
|
|a Именной указатель: с. 150
|
| 606 |
1 |
|
|a Кодирование в вычислительной технике
|2 stltpush
|3 (RuTPU)RU\TPU\subj\14618
|9 40981
|
| 610 |
1 |
|
|a коды
|
| 610 |
1 |
|
|a золотая пропорция
|
| 610 |
1 |
|
|a золотое сечение
|
| 610 |
1 |
|
|a числа Фибоначчи
|
| 610 |
1 |
|
|a математическая теория
|
| 610 |
1 |
|
|a системы счисления
|
| 610 |
1 |
|
|a пропорции
|
| 610 |
1 |
|
|a коды Фибоначчи
|
| 675 |
|
|
|a 681.3.05
|z rus
|v 3
|
| 700 |
|
1 |
|a Стахов
|b А. П.
|g Алексей Петрович
|4 070
|
| 801 |
|
0 |
|a RU
|b RuMRKP
|c 19950704
|g psbo
|
| 801 |
|
1 |
|a RU
|b 63413507
|c 20150225
|
| 801 |
|
2 |
|a RU
|b 63413507
|c 20170602
|g RCR
|
| 942 |
|
|
|c BK
|